LEADER 01391nam a2200349 a 4500 001 000000126394 003 CaOOAMICUS 005 20110922143359.0 008 110922s2003 it bd u000 u ita r 020 $a88-430-2579-1 040 $aPUL$bita 041 1 $aita$heng 082 04$a035 100 1 $aStalker, Peter.$0(OLS)http://pul/name/80406 240 10$aNo-nonsense guide to international migration.$lItaliano.$0(OLS)http://pul/title/159629 245 12$aL'immigrazione /$cPeter Stalker. 260 $aRoma :$bCarocci,$cİ2003. 300 $a166 p. :$bc. geogr., grafici ;$c22 cm. 490 1 $aQuality paperbacks ;$v83 490 1 $aGuide no-nonsense 504 $aComprende riferimenti bibliografici e indice. 650 4$aImmigrazione.$0(OLS)http://pul/subject/18885 830 0$aQuality paperbacks (Carocci) ;$v83.$0(OLS)http://pul/title/103487 830 0$aGuide no-nonsense.$0(OLS)http://pul/title/159409 850 $aPUL 852 $aPUL$W1$xDP2 Cons. Gen., Altre Classi 3$y97$m035 COLL 1.83$j145866$qDDC 21$B144663$CPULBib$Z2$F144663 $H116210 $82 941 1 $a9 996 $6020$a88-430-2579-1$9(OLS)http://pul/number/148022 996 $6082$a035$9(OLS)http://pul/classification/471 996 $6245$aL'immigrazione$9(OLS)http://pul/title/159630 996 $6260$aRoma :$bCarocci$9(OLS)http://pul/publisher/66917 LEADER 01190nam a2200289 u 4500 001 000000013816 003 CaOOAMICUS 005 20070226105707.0 008 940517s1958 it u000 u ita u 035 $a10328692 040 $aPUL$bita 041 1 $aita$hlat 100 0 $aAugustinus,$cs., vesc. d'Ippona,$d354-430.$0(OLS)http://pul/name/1290 240 00$aConfessiones$9(Augustinus, s., vesc. d'Ippona, 354-430).$lItaliano.$0(OLS)http://pul/title/1687 245 10$aConfessioni /$cSant'Agostino ; [traduzione di Carlo Vitali]. 260 $aMilano :$bRizzoli,$c1958. 300 $a447 p. ;$c16 cm 490 1 $aBUR ;$v1301-1305 700 1 $aVitali, Carlo.$0(OLS)http://pul/name/12937 830 0$aBUR ;$v1301-1305.$0(OLS)http://pul/title/2098 850 $aPUL 852 $aPUL$W1$xDP1 Fondo Cecchetti$y53$m267 F 31$j19414$nBK-PRI$b $qFondi$B19414$CPULBib$Z2$F19414 $HPUL1947 $81 900 $aAgostino,$cs., vesc. d'Ippona,$d354-430$91290 900 $aAgostino, Aurelio,$cs., vesc. d'Ippona$d354-430$91290 941 1 $a1 996 $6245$aConfessioni$9(OLS)http://pul/title/19889 996 $6260$aMilano :$bRizzoli$9(OLS)http://pul/publisher/48712